Science Quiz

Random Science or Anatomy Quiz
Score 0/11 Timer 06:00
1 Play Today
Question Answer Wrong Answers
Biology
Which of these images is a nerve cell in humans?
Nerve Cell
93.3%
Smooth Muscle Cell
3.4%
Red Blood Cell
1%
Plant Cell?!
1.5%
Animal
Which of these animals has a name that means 'river horse' when translated into English?
Hippopotamus
91.2%
Elephant
0.5%
Crocodile
2.6%
Dolphin
5.5%
Anatomy
Which of these organs is typically associated with the Greek root 'hepat' (e.g. it is connected to the hepatic artery)?
Liver
70.1%
Stomach
6%
Lungs
4.7%
Kidneys
19.1%
Chemistry
Which of these diagrams represents methane?
Methane
67.6%
Ammonia
13.4%
Sulfuric Acid
10.3%
Hydrogen Peroxide
7.5%
General Science
Which of these scientists won two Nobel prizes?
Curie
66.6%
Einstein
24.2%
Bohr
3.8%
Heisenberg
3.7%
Physics
Which of these images does NOT share its name with a flavor of quark?
Salty
57.7%
Strange
16.3%
Top
8.9%
Up
14.8%
Astronomy
Which of these planets has two moons named Phobos and Deimos?
Mars
54.7%
Saturn
15%
Jupiter
18%
Uranus
11.8%
Math
Which of these Platonic solids is an icosahedron?
Icosahedron
52.1%
Cube
2.5%
Tetrahedron
11%
Dodecahedron
32.2%
Computer
Which of these colors is produced by the hexadecimal code of '800080?'
Purple
35.1%
Maroon
21.9%
Teal
23.7%
Orange
17.9%
Geology
Which of these rocks is an example of metamorphic rock?
Gneiss
33.6%
Coal
22.9%
Basalt
16.9%
Obsidian
24.7%
Elements
Which of these elements is a halogen?
Iodine
31%
Xenon
46.2%
Nitrogen
15.7%
Sulfur
5.6%
Remove Ads.
Support Sporcle.
Get the best of Sporcle when you Go Orange. This ad-free experience offers more features, more stats, and more fun while also helping to support Sporcle. Thank you for becoming a member.

You're not logged in!

Compare scores with friends on all Sporcle quizzes.
OR
Log In

Show Comments

Extras

Top Quizzes Today


Score Distribution

Your Account Isn't Verified!

In order to create a playlist on Sporcle, you need to verify the email address you used during registration. Go to your Sporcle Settings to finish the process.

Report this User

Report this user for behavior that violates our Community Guidelines.

Details: